Economics / (Record no. 26602)

000 -LEADER
fixed length control field 00672 a2200205 4500
008 - FIXED-LENGTH DATA ELEMENTS--GENERAL INFORMATION
fixed length control field 230620b ||||| |||| 00| 0 eng d
020 ## - INTERNATIONAL STANDARD BOOK NUMBER
International Standard Book Number 9789389538038
Terms of availability Rs895.00
041 0# - LANGUAGE CODE
Language code of text/sound track or separate title eng
082 00 - DEWEY DECIMAL CLASSIFICATION NUMBER
Classification number 330
Item number S1938
100 ## - MAIN ENTRY--PERSONAL NAME
Personal name Samuelson, P. A.
245 ## - TITLE STATEMENT
Title Economics /
250 ## - EDITION STATEMENT
Edition statement 20th ed.
260 ## - PUBLICATION, DISTRIBUTION, ETC. (IMPRINT)
Place of publication, distribution, etc Chennai:
Name of publisher, distributor, etc McGraw Hill Education (India) Pvt. Ltd.,
Date of publication, distribution, etc 2022.
300 ## - PHYSICAL DESCRIPTION
Extent xlix, 945 p. :
Other physical details ill. ;
Dimensions 24 cm
650 #0 - SUBJECT ADDED ENTRY--TOPICAL TERM
Topical term or geographic name as entry element Economics
700 ## - ADDED ENTRY--PERSONAL NAME
9 (RLIN) 5232
Personal name Nordhaus, William D.
9 (RLIN) 5493
Personal name Chaudhuri, Sudip
Relator term adaptor
9 (RLIN) 5494
Personal name Sen, Anindya
Relator term adaptor
942 ## - ADDED ENTRY ELEMENTS (KOHA)
Source of classification or shelving scheme
Item type Books
Holdings
Withdrawn status Lost status Source of classification or shelving scheme Damaged status Not for loan Permanent location Current location Shelving location Date acquired Source of acquisition Cost, normal purchase price Full call number Barcode Date last seen Cost, replacement price Koha item type
          IMU Kolkata IMU Kolkata Reference 2023-06-20 4 657.28 330 S1938 13999 2023-06-20 895.00 Books
          IMU Kolkata IMU Kolkata   2023-06-20 4 657.28 330 S1938 14000 2023-06-20 895.00 Books
          IMU Kolkata IMU Kolkata   2023-06-20 4 657.28 330 S1938 14001 2023-06-20 895.00 Books
Designed and Maintained by IMU-KC Library, Kolkata Campus © Copyright All Rights Reserved

webs counters

Powered by Koha